00748 2200229 4500001002100000005001700021008004100038035002400079082001900103090002400122245015400146260002900300300003100329500003100360650003400391700001900425700002500444850001500469980001300484985000600497999001500503YOGYA-0209000006290120090227040112.0 ind  0010-020900000062901 a338.409 598 63 a338.409 598 63bDam aDAMPAK pengembangan pariwisata terhadap kehidupan budaya daerah Sulawesi Selatancdisusun oleh, Siti Aminah PH...[et/al/];editor, M.A. Dewi Indrawati aJakartabDepdikbudc1993 aviii, 144 hlmbilusc23 cm aBibliografi : hlm. 114-117 aSulawesi Selatan - Pariwisata aSiti Aminah PH aIndrawati, M.A. Dewi aYOPDYOG(B) a15-07-06 a1 a95A0022430